000 00432nam a2200133 a 4500
001 000025111
005 20200930023554.0
008 110210s1976 xxua 000 0 spa d
040 _aDO-SdBNP
_bspa
_cBNPHU
100 1 _aElliott, A. Raymund
_951502
245 1 3 _aNuevos destinos :
_bespaƱol para hispanohablantes /
_cA. Raymund Elliott.
260 _aEstados Unidos :
_bMCGraw - Hill,
_c1976.
300 _a319 p. :
_bil., retrs. ;
_c26 cm.
999 _c24604
_d24604